000 00691cam a2200205 a 4500
020 _a0395822823 (pbk.)
020 _a0395822831
040 _cDLC
082 0 0 _a362 HOU 1996 A012 Or.
100 1 _aAnders, George,
245 1 0 _aHealth against wealth :
_bHMOs and the breakdown of medical trust /
260 _aBoston :
_bHoughton Mifflin,
_c1996.
300 _axvi, 299 p. ;
_c24 cm.
500 _a"A Mariner book."
650 0 _aHealth maintenance organizations
856 4 2 _uhttp://www.h-net.org/review/hrev-a0a0c4-aa
856 4 2 _uhttp://www.loc.gov/catdir/description/hm021/96024869.html
856 4 2 _uhttp://www.loc.gov/catdir/enhancements/fy0736/96024869-b.html
942 _cEK
999 _c13870
_d13870